Oscars 2024 - Actors - Statistics

General Stats
  • This quiz has been taken 124 times
  • The average score is 14 of 20
Answer Stats
Picture Answer % Correct
Emma Stone
98%
Robert Downey Jr.
94%
Ryan Gosling
94%
Mark Ruffalo
92%
Robert Deniro
91%
Cillian Murphy
90%
Emily Blunt
83%
Bradley Cooper
82%
Jodie Foster
71%
Paul Giamatti
64%
Carey Mulligan
63%
America Ferrera
60%
Annette Bening
60%
Lily Gladstone
56%
Sandra Huller
54%
Da'Vine Joy Randolph
52%
Colman Domingo
50%
Jeffrey Wright
44%
Sterling K. Brown
44%
Danielle Brooks
33%
No matching quizzes found
Score Distribution
Percent of People with Each Score
Percentile by Number Answered
Your Score History
You have not taken this quiz